000 00354nam a22001457a 4500
020 _a812371822-5
082 _a894.812.3
_bKUR/T
100 _aKUROYANAGI, THETHSUKO
245 _aTOTTO CHAN
_bJANALAYKKARIKILE VIKRITHIKUTTY
260 _aNEW DELHI
_bNATIONAL BOOKS TRUST INDIA
_c2011
300 _a239
520 _aNOVEL
650 _aNOVEL
942 _cBK
999 _c4945
_d4945